ロード中...

PEDOT

書誌詳細
第一著者: Andreas Elschner
出版事項: CRC Press 2010
LEADER 00179 a2200097 4500
020
260 |b CRC Press  |c 2010 
942 |c BK  |6 _ 
245 |a PEDOT 
100 |a Andreas Elschner 
999 |c 61583  |d 61583